000 01174nam a22003257a 4500
003 CHAP
005 20220329140547.0
008 971013s1987 r 00010 d
010 _a53956
011 _a54928
035 _a59080
040 _cCHAP
090 _aTesis
100 0 0 _aPosada Cruz, Saúl.
_991030
245 _aEvaluación de líneas experimentales de sorgo (Sorghum bicolor (L) Moench) bajo ataque de la mosquita de la panoja (Contorina sorghicola Coq.) Marín, N.L. 1984
260 _aMarín, N.L. :
_bEl autor,
_c1987
300 _a80 h.
_b: gráfs.
502 _aTesis (Ing. Agr. Parasitólogo) -- Univ. Autónoma de Nuevo León. Fac. de Agronomía
590 _aALEPH
_b10
_c20130110
_lUCH01
_h1331
590 _aBATCH-UPD
_b10
_c20130110
_lUCH01
_h0713
590 _aBATCH-UPD
_b10
_c20130410
_lUCH01
_h0358
590 _aBATCH-UPD
_b10
_c20130914
_lUCH01
_h1055
590 _aCONVERSION
_b10
_c20130109
_lUCH01
_h1329
650 1 4 _aContarinia sorghicola.
_927432
650 1 4 _aSorgo
_xPlagas.
_9108704
650 1 4 _aSorgo
_xVariedades resistentes a plagas.
_9108736
901 _aBK
942 _cTESIS
949 _bBC
_cTES
_d-127899
_eTS1
_h19981
_i59080
_si
999 _c53956
_d53956